Analysis of Factors Influencing the Real Exchange Rate and Its Volatility diplomová práca

Uložené v:
Podrobná bibliografia
Hlavný autor: Kohútová, Barbora
Korporativný autor: Národohospodárska fakulta EU. Katedra financií
Ďalší autori: Ochotnický, Pavol
Médium: Kniha
Jazyk:Slovak
Vydavateľské údaje: Bratislava 2021
Tagy: Pridať tag
Žiadne tagy, Buďte prvý, kto otaguje tento záznam!

MARC

LEADER 00000nbm a2200000 4500
001 0278159
005 20220104091217.4
041 0 |a slo 
044 |a SK 
245 1 0 |a Analysis of Factors Influencing the Real Exchange Rate and Its Volatility  |b diplomová práca  |c Barbora Kohútová ; školiteľ: Pavol Ochotnický 
264 1 |a Bratislava  |c 2021 
300 |a 45 s. 
100 1 |a Kohútová, Barbora 
700 1 |a Ochotnický, Pavol 
710 2 |a Národohospodárska fakulta EU. Katedra financií